Countries Mentioned in We Didn't Start the Fire - Statistics

General Stats
  • This quiz has been taken 32 times
  • The average score is 5 of 9
Answer Stats
Mentions Country % Correct
2 China
72%
1 Russia
72%
1 North Korea
64%
1 South Korea
60%
2 United Kingdom
60%
1 Afghanistan
44%
1 Democratic Republic of the Congo
36%
1 Iran
32%
1 Lebanon
12%
No matching quizzes found
Score Distribution
Percent of People with Each Score
Percentile by Number Answered
Your Score History
You have not taken this quiz